<?xml version="1.0" encoding="UTF-8"?><?xml-stylesheet type="text/xsl" href="static/style.xsl"?><OAI-PMH xmlns="http://www.openarchives.org/OAI/2.0/" xmlns:xsi="http://www.w3.org/2001/XMLSchema-instance" xsi:schemaLocation="http://www.openarchives.org/OAI/2.0/ http://www.openarchives.org/OAI/2.0/OAI-PMH.xsd"><responseDate>2026-04-14T08:34:18Z</responseDate><request verb="GetRecord" identifier="oai:www.recercat.cat:20.500.12694/7240" metadataPrefix="marc">https://recercat.cat/oai/request</request><GetRecord><record><header><identifier>oai:recercat.cat:20.500.12694/7240</identifier><datestamp>2025-12-18T12:09:18Z</datestamp><setSpec>com_2072_179042</setSpec><setSpec>col_2072_484474</setSpec></header><metadata><record xmlns="http://www.loc.gov/MARC21/slim" xmlns:dcterms="http://purl.org/dc/terms/" xmlns:xsi="http://www.w3.org/2001/XMLSchema-instance" xmlns:doc="http://www.lyncode.com/xoai" xsi:schemaLocation="http://www.loc.gov/MARC21/slim http://www.loc.gov/standards/marcxml/schema/MARC21slim.xsd">
   <leader>00925njm 22002777a 4500</leader>
   <datafield ind2=" " ind1=" " tag="042">
      <subfield code="a">dc</subfield>
   </datafield>
   <datafield ind2=" " ind1=" " tag="720">
      <subfield code="a">Herrera Martos, Nicolás</subfield>
      <subfield code="e">author</subfield>
   </datafield>
   <datafield ind2=" " ind1=" " tag="260">
      <subfield code="c">2015-07-15</subfield>
   </datafield>
   <datafield ind2=" " ind1=" " tag="520">
      <subfield code="a">Aquest projecte és el fruit d'una investigació i recerca de les arrels musicals que defineixen una persona com a músic i un músic com a persona. És a la vegada un modest homenatge a la música i a la persona d’Atahualpa Yupanqui. Músic, compositor, escriptor i pensador, que va deixar un extens llegat musical i ideològic. La música que s'ha compost sorgeix de l’exploració de la riquesa del seu repertori per incorporar-la com a base sòlida, i agafa el Jazz com a punt de partida quant a l’enfocament musical que s'ha adquirit. El ritme és l'element principal sobre el qual s'ha treballat i experimentat.</subfield>
   </datafield>
   <datafield ind2=" " ind1=" " tag="520">
      <subfield code="a">Este proyecto es el fruto de la investigación y búsqueda de las raíces musicales que definen a una persona como músico y a un músico como persona. Es a su vez un modesto homenaje a la música y a la persona de Atahualpa Yupanqui. Músico, compositor, escritor y pensador, que dejó un extenso legado musical e ideológico. La música que se ha compuesto surge de la exploración de la riqueza de su repertorio para incorporarla como base sólida, y toma el jazz como punto de partida en cuanto al enfoque musical que se ha adquirido. El ritmo es el elemento principal sobre el que se ha trabajado y experimentado.</subfield>
   </datafield>
   <datafield ind2=" " ind1=" " tag="520">
      <subfield code="a">This project is the result of an investigation and search into the musical roots that define a person as a musician and a musician as a person. It is also a humble homage to Atahualpa Yupanqui, the musician and individual, who left an extensive musical and ideological legacy as a composer, writer, and thinker. The music that was composed arises from the richness of his repertoire, which serves as a solid foundation, and uses jazz as a starting point in its musical approach. Rhythm is the main element that has been studied and experimented with.</subfield>
   </datafield>
   <datafield ind1="8" ind2=" " tag="024">
      <subfield code="a">http://hdl.handle.net/20.500.12694/7240</subfield>
   </datafield>
   <datafield tag="653" ind2=" " ind1=" ">
      <subfield code="a">TFG Jazz i música moderna</subfield>
   </datafield>
   <datafield tag="653" ind2=" " ind1=" ">
      <subfield code="a">Jazz--Argentina</subfield>
   </datafield>
   <datafield tag="653" ind2=" " ind1=" ">
      <subfield code="a">Yupanqui, Atahualpa--Crítica i interpretació</subfield>
   </datafield>
   <datafield tag="653" ind2=" " ind1=" ">
      <subfield code="a">Música--Ritme i compàs</subfield>
   </datafield>
   <datafield ind2="0" ind1="0" tag="245">
      <subfield code="a">Jazz argentino: raíces folclóricas: el ritmo</subfield>
   </datafield>
</record></metadata></record></GetRecord></OAI-PMH>